ბათუმის შოთა რუსთაველის სახელმწიფო უნივერსიტეტის ბიბლიოთეკა

ქართველი მწერლები : ბიოგრაფიები, ხელნაწერები, ფოტოები : (ბიბ.ჩანაწერი № 51491)

000 -ლიდერი
ფიქსირებული სიგრძის საკონტროლო ველი 01588nam a2200265Ia 4500
001 - საკონტროლო ნომერი
საკონტროლო ველი 18477
003 - საკონტროლო ნომრის იდენტიფიკატორი
საკონტროლო ველი GE_BSU
005 - ბოლო ოპერაციის თარიღი და დრო
საკონტროლო ველი 20250501162505.0
008 - ფიქსირებული სიგრძის მონაცემთა ელემენტები - ზოგადი ინფორმაცია
ფიქსირებული სიგრძის საკონტროლო ველი 181216s2016||||ge |||||||||||||| ||geo||
020 ## - წიგნის საერთაშორისო სტანდარტული ნომერი
International Standard Book Number 9789941084478
040 ## - კატალოგიზაციის წყარო
Transcribing agency GE_BSU
041 ## - ენის კოდი
Language code of text/sound track or separate title geo
080 ## - უნივერსალური ათობითი კლასიფიკაციის ინდექსი
Universal Decimal Classification number 821.353.1.09 ქ-27
245 ## - ცნობა სათაურის შესახებ
Title ქართველი მწერლები : ბიოგრაფიები, ხელნაწერები, ფოტოები :
Remainder of title [წიგნი-ალბომი] /
Statement of responsibility, etc ლიტერატურის მუზეუმი; პროექტის ავტორი დავით ყანჩაშვილი ; რედაქტორები: ნინო კერესელიძე, მარიკა დაუშვილი; დიზაინერი თამარ დემეტრაშვილი.
264 ## - წარმოების, გამოცემის, დისტრიბუციის და სხვა ცნობები
გამოცემის, წარმოების, დისტრიბუციის... ადგილი თბილისი :
გამოცემის, წარმოების, დისტრიბუციის... სახელწოდება ნოტა-ბენე,
გამოცემის, წარმოების, დისტრიბუციის... თარიღი 2016.
300 ## - ფიზიკური აღწერა
Extent 399 გვ. :
Other physical details ფოტ. ;
Dimensions 30 სმ.
653 ## - INDEX TERM--UNCONTROLLED
Uncontrolled term ქართველი მწერლები
700 ## - ADDED ENTRY--PERSONAL NAME
Personal name ყანჩაშვილი, დავით
Relator term პროექტის ავტორი
9 (RLIN) 24981
700 ## - ADDED ENTRY--PERSONAL NAME
Personal name კერესელიძე, ნინო
Relator term რედაქტორი
9 (RLIN) 24982
700 ## - ADDED ENTRY--PERSONAL NAME
Personal name დაუშვილი, მარიკა
Relator term რედაქტორი.
9 (RLIN) 24983
700 ## - ADDED ENTRY--PERSONAL NAME
Personal name დემეტრაშვილი, თამარ
Relator term დიზაინერი
9 (RLIN) 176
710 ## - ADDED ENTRY--CORPORATE NAME
Corporate name or jurisdiction name as entry element ლიტერატურის მუზეუმი.
9 (RLIN) 19433
942 ## - ADDED ENTRY ELEMENTS (KOHA)
Koha item type წიგნი
Source of classification or shelving scheme
ეგზემპლარები
ჩამოწერის სტატუსი დაკარგული ეგზემპლარის სტატუსი კლასიფიკაციის წყარო ან თაროზე გაწყობის სქემა დაზიანების სტატუსი არ გაიცემა მუდმივი მდებარეობა (დაცვის ადგილი) ამჟამინდელი ადგილსამყოფელი თაროზე განთავსების ადგილი შეძენის თარიღი ღირებულება, შესყიდვის ნორმალური ფასი სრული შენახვის შიფრი შტრიხკოდი ბოლო ოპერაციის თარიღი ეგზემპლარის მიმდევრობითი ნომერი (კეტერი?) ფასის ძალაში შესვლის თარიღი ეგზემპლარის სახეობა საჯარო შენიშვნა
          ბათუმის შოთა რუსთაველის სახელმწიფო უნივერსიტეტის მთავარი ბიბლიოთეკა ბათუმის შოთა რუსთაველის სახელმწიფო უნივერსიტეტის მთავარი ბიბლიოთეკა წიგნსაცავი 2018-12-17 120.00 821.353.1.09 ქ-27 47328 2018-12-17 47328 2018-12-17 წიგნი 120 ლ.
          ბათუმის შოთა რუსთაველის სახელმწიფო უნივერსიტეტის მთავარი ბიბლიოთეკა ბათუმის შოთა რუსთაველის სახელმწიფო უნივერსიტეტის მთავარი ბიბლიოთეკა წიგნსაცავი 2018-12-17 120.00 821.353.1.09 ქ-27 47329 2018-12-17 47329 2018-12-17 წიგნი 120 ლ.
          ბათუმის შოთა რუსთაველის სახელმწიფო უნივერსიტეტის მთავარი ბიბლიოთეკა ბათუმის შოთა რუსთაველის სახელმწიფო უნივერსიტეტის მთავარი ბიბლიოთეკა წიგნსაცავი 2018-12-17 120.00 821.353.1.09 ქ-27 47330 2018-12-17 47330 2018-12-17 წიგნი 120 ლ.
          ბათუმის შოთა რუსთაველის სახელმწიფო უნივერსიტეტის მთავარი ბიბლიოთეკა ბათუმის შოთა რუსთაველის სახელმწიფო უნივერსიტეტის მთავარი ბიბლიოთეკა წიგნსაცავი 2018-12-17 120.00 821.353.1.09 ქ-27 47331 2018-12-17 47331 2018-12-17 წიგნი 120 ლ.
          ბათუმის შოთა რუსთაველის სახელმწიფო უნივერსიტეტის მთავარი ბიბლიოთეკა ბათუმის შოთა რუსთაველის სახელმწიფო უნივერსიტეტის მთავარი ბიბლიოთეკა წიგნსაცავი 2018-12-17 120.00 821.353.1.09 ქ-27 47327 2018-12-17 47327 2018-12-17 წიგნი 120 ლ.